MAASAI MARA UNIVERSITY

LIBRARY CATALOGUE

Contact Us: +254 020 2685356/7 or 0774 057787

Box: 861-20500, NAROK, KENYA

Email: info@mmarau.ac.ke

_Taking sides issues in Mass media and society (Record no. 5519)

MARC details
000 -LEADER
fixed length control field 00454nam a2200169Ia 4500
008 - FIXED-LENGTH DATA ELEMENTS--GENERAL INFORMATION
fixed length control field 151021s9999 xx 000 0 und d
020 ## - INTERNATIONAL STANDARD BOOK NUMBER
International Standard Book Number 72422548
050 ## - LIBRARY OF CONGRESS CALL NUMBER
Classification number HN90.A3T352001
245 ## - TITLE STATEMENT
Title _Taking sides issues in Mass media and society
250 ## - EDITION STATEMENT
Edition statement 6th ed.
260 ## - PUBLICATION, DISTRIBUTION, ETC. (IMPRINT)
Place of publication, distribution, etc. USA MCgraw-hill 2001
300 ## - PHYSICAL DESCRIPTION
Extent xviii,372p.
500 ## - GENERAL NOTE
General note Includes index
650 ## - SUBJECT ADDED ENTRY--TOPICAL TERM
Topical term or geographic name as entry element _Mass media
700 ## - ADDED ENTRY--PERSONAL NAME
Personal name _Jarice Hanson
980 ## - EQUIVALENCE OR CROSS-REFERENCE-SERIES STATEMENT--PERSONAL NAME/TITLE [LOCAL, CANADA]
Personal name ^d20130530 05:52:01^oanne

No items available.

© 2016 Maasai Mara University.